000 00453nam a2200157 i 4500
001 27654
003 ES-MaACL
005 20230906153656.0
007 t|
008 030115s1969 sp ||||1| spa d
100 1 _aArbeloa, Joaquín.
_922386
245 1 4 _aLos orígenes del reino de Navarra... /
_cJoaquín Arbeloa.
260 _aSan Sebastián :
_bAuñamendi,
_c[1969]
300 _a3 v., 12 lám. ;
_c18 cm.
852 _aES-MaACL
_jC-5448-50
_bR.71354
999 _c27654
_d27654